| 000 | 00507nam a2200181 u 4500 | ||
|---|---|---|---|
| 001 | 000298814 | ||
| 003 | AM-YeHGA | ||
| 005 | 20250617130045.0 | ||
| 008 | 040113s1986 ||||||||||||||||||||rus d | ||
| 040 | _aAM-YeHGA | ||
| 041 | 0 | _arus | |
| 100 | 1 | _aАбалкин, Леонид Иванович. | |
| 245 | 1 | 0 |
_aКурсом ускорения / _cЛ.И. Абалкин. |
| 260 |
_aМосква : _bПолитиздат, _c1986. |
||
| 300 | _a215 с. | ||
| 650 | 1 | 4 | _aЭкономика |
| 090 | _c111186 | ||
| 999 |
_c109853 _d109853 |
||